000 00301nam a22001337a 4500
008 181221b xxu||||| |||| 00| 0 eng d
020 _a0534027989
041 _aeng
080 _a201
100 _a24
101 _aTEO
245 _aReligion: North. American Style
_cMcNamara, P.H
942 _2udc
_cBK
999 _c53612
_d53612